Directory of Indian exporters (Record no. 23164)

MARC details
000 -LEADER
fixed length control field 00305nam a2200109Ia 4500
082 ## - DEWEY DECIMAL CLASSIFICATION NUMBER
Classification number 382.6(058.7)
Item number DIR
245 #0 - TITLE STATEMENT
Title Directory of Indian exporters
250 ## - EDITION STATEMENT
Edition statement Ed.18
260 ## - PUBLICATION, DISTRIBUTION, ETC. (IMPRINT)
Place of publication India
Name of publisher Dept of Commercial Intelligence and Statistics
Year of publication 1972
942 ## - ADDED ENTRY ELEMENTS (KOHA)
Koha item type Books
Holdings
Withdrawn status Lost status Damaged status Not for loan Home library Current library Date acquired Source of acquisition Cost, normal purchase price Full call number Accession Number Koha item type
        RRII Library RRII Library 16/12/2021 Auction 23.50 382.6(058.7) DIR 03865 Books